Statistics for The Secret Series Quiz

Click here to take the quiz!

General Stats

  • This quiz has been taken 19 times
  • The average score is 11 of 15

Answer Stats

Hint Answer % Correct
What is the heroine's name?Cassandra
100%
What is the character above mother's name?Melanie
100%
What is the Japanese boy's name?Yoji (Yo-Yoji)
100%
Who is above's twin brother?Luciano Bergamo (Dr. L)
88%
Who is the leader of the Terces Society?Pietro Bergamo
88%
What is the name of the boy who was kidnapped by the Midnight Sun?Benjamin Blake
75%
Who founded the Terces Society?Hermes (The Jester)
75%
What is the name of one Terces Society member who is known for disguises?Owen
75%
What is the name of the Homunculus?Mr. Cabbage Face
75%
What is the name of the boy with 2 names?Max-Earnest
75%
Who is the leader of the 'Midnight Sun'?Antoinette Mauvais
63%
What is the name of the Spanish Chef?Senor Hugo
63%
Who is the Terces Society member who plays violin and knows martial arts?Lily Wei
63%
Who married the above?Anastasia
63%
Who created the Homunculus?Lord Pharoah
38%

Score Distribution

Percentile by Number Answered

Percent of People with Each Score

Your Score History

You have not taken this quiz